McGraw-Hill language arts /

Bibliographic Details
Corporate Authors: McGraw-Hill Companies. McGraw-Hill School Division, Time Warner, Inc
Other Authors: Hasbrouck, Jan E. (Jan Elizabeth)
Format: Book
Language:English
Published: New York : McGraw-Hill School Division, [2001-]
Edition:Macmillan/McGraw-Hill ed., Texas ed.
Subjects:

MARC

Tag First Indicator Second Indicator Subfields
LEADER 00000cam a2200000Ia 4500
001 in00001702385
005 20151024154024.0
008 020923m20019999nyua 001 0 eng d
020 |a 0022446567 (Grade 2) 
020 |a 0022446575 (Grade 3) 
020 |a 0022446583 (Grade 4) 
020 |a 0022446591 (Grade 5) 
020 |a 0022447105 (Grade 6) 
020 |a 0022446672 (Grade 2, teacher's ed.) 
020 |a 0022446680 (Grade 3, teacher's ed.) 
020 |a 0022446699 (Grade 4, teacher's ed.) 
020 |a 0022446702 (Grade 5, teacher's ed.) 
020 |a 0022447113 (Grade 6, teacher's ed.) 
035 |a (OCoLC)ocm50648310 
040 |a TXA  |c TXA  |d UtOrBLW 
049 |a TXAM 
090 |a PE1112  |b .M244 2001 
245 0 0 |a McGraw-Hill language arts /  |c authors, Jan E. Hasbrouck [and others]. 
246 3 0 |a Language arts 
250 |a Macmillan/McGraw-Hill ed., Texas ed. 
264 1 |a New York :  |b McGraw-Hill School Division,  |c [2001-] 
264 4 |c ©2001- 
300 |a volumes :  |b color illustrations ;  |c 29 cm. +  |e teacher's ed. (volumes : color illustrations ; 31 cm.) + grammar and writing handbook + 2 CD-ROMS. 
336 |a text  |b txt  |2 rdacontent 
337 |a unmediated  |b n  |2 rdamedia 
338 |a volume  |b nc  |2 rdacarrier 
500 |a Accompanied by Response to Proclamation 1998 of the Texas State Board of Education, Grade 5 & Grade 6. 
500 |a Teacher's edition contains handbooks in front pocket: Writing resource handbook, TAAS study guide and practice tests, and (for Gr. 2 only) Cursive handwriting. 
500 |a CD-ROMS title: Handwriting; Vocabulary Puzzlemaker. 
500 |a "Contributor: Time Magazine & Time [magazine] for kids" located in each student text"--Title page verso." 
500 |a State Adopted Textbooks. 
500 |a Conforming. 
521 |a For grades K-6. 
500 |a Includes indexes. 
650 0 |a Language arts (Primary)  |v Textbooks. 
650 0 |a Language arts (Elementary)  |v Textbooks. 
650 0 |a English language  |x Grammar  |v Textbooks. 
650 0 |a English language  |v Composition and exercises  |v Textbooks. 
700 1 |a Hasbrouck, Jan E.  |q (Jan Elizabeth) 
710 2 |a McGraw-Hill Companies.  |b McGraw-Hill School Division. 
710 2 |a Time Warner, Inc. 
740 0 |a Handwriting. 
740 0 |a Vocabulary Puzzlemaker. 
948 |a cataloged  |b h  |c 2002/9/23  |d o  |e rdavis  |f 12:12:08 pm 
994 |a E0  |b TXA 
999 |a MARS 
999 f f |s 2b048775-872c-3051-836f-4547d5acd25b  |i 6b2c45c9-9f9b-35d3-9cb6-c3309686f109  |t 0 
952 f f |p ric  |a Texas A&M University  |b Rellis Campus  |c Joint Library Facility  |s JLF  |d Remote Storage  |t 0  |e PE1112 .M244 2001  |h Library of Congress classification  |i unmediated -- volume  |k Gr.5:Teachers ed.  |m A14828908978 
952 f f |p ric  |a Texas A&M University  |b Rellis Campus  |c Joint Library Facility  |s JLF  |d Remote Storage  |t 0  |e PE1112 .M244 2001  |h Library of Congress classification  |i unmediated -- volume  |k Gr.4:Teachers ed.  |m A14828908936 
952 f f |p ric  |a Texas A&M University  |b Rellis Campus  |c Joint Library Facility  |s JLF  |d Remote Storage  |t 0  |e PE1112 .M244 2001  |h Library of Congress classification  |i unmediated -- volume  |k Gr.2  |m A14828908847 
952 f f |p ric  |a Texas A&M University  |b Rellis Campus  |c Joint Library Facility  |s JLF  |d Remote Storage  |t 0  |e PE1112 .M244 2001  |h Library of Congress classification  |i unmediated -- volume  |k Gr.5  |m A14828909186 
952 f f |p ric  |a Texas A&M University  |b Rellis Campus  |c Joint Library Facility  |s JLF  |d Remote Storage  |t 0  |e PE1112 .M244 2001  |h Library of Congress classification  |i unmediated -- volume  |k Gr.4  |m A14828909144 
952 f f |p ric  |a Texas A&M University  |b Rellis Campus  |c Joint Library Facility  |s JLF  |d Remote Storage  |t 0  |e PE1112 .M244 2001  |h Library of Congress classification  |i unmediated -- volume  |k Gr.6:Teachers ed.  |m A14828909233 
952 f f |p ric  |a Texas A&M University  |b Rellis Campus  |c Joint Library Facility  |s JLF  |d Remote Storage  |t 0  |e PE1112 .M244 2001  |h Library of Congress classification  |i unmediated -- volume  |k Gr.3  |m A14828908889 
952 f f |p ric  |a Texas A&M University  |b Rellis Campus  |c Joint Library Facility  |s JLF  |d Remote Storage  |t 0  |e PE1112 .M244 2001  |h Library of Congress classification  |i unmediated -- volume  |k Gr.2:Teachers ed.  |m A14828908855 
952 f f |p ric  |a Texas A&M University  |b Rellis Campus  |c Joint Library Facility  |s JLF  |d Remote Storage  |t 0  |e PE1112 .M244 2001  |h Library of Congress classification  |i unmediated -- volume  |k Gr.3:Teachers ed.  |m A14828909110 
952 f f |p ric  |a Texas A&M University  |b Rellis Campus  |c Joint Library Facility  |s JLF  |d Remote Storage  |t 0  |e PE1112 .M244 2001  |h Library of Congress classification  |i unmediated -- volume  |k Gr.6  |m A14828909225 
998 f f |a PE1112 .M244 2001  |s Gr.2-Gr.6  |t 0  |l Remote Storage